|
|
|
|
| LEADER |
01058nam a2200241 u 4500 |
| 001 |
10026077 |
| 003 |
upatras |
| 005 |
20210517173610.0 |
| 008 |
980616s1966 us eng |
| 952 |
|
|
|0 0
|1 0
|4 0
|6 551_635300000000000_BAT
|7 0
|9 196058
|a PHYS
|b PHYS
|d 2016-04-24
|i 03054
|l 0
|o 551.6353 BAT
|p 025000022464
|r 2016-04-24 00:00:00
|t 1
|w 2016-04-24
|y BK15
|
| 999 |
|
|
|c 120297
|d 120297
|
| 040 |
|
|
|a GR-PaULI
|c GR-PaULI
|b gre
|e AACR2
|
| 082 |
0 |
4 |
|a 551.6353
|
| 100 |
1 |
|
|a Battan, Louis J.
|9 126327
|e συγγραφέας
|
| 245 |
1 |
0 |
|a Radar meteorology /
|c by Louis J. Battan.
|
| 260 |
|
|
|a Chicago :
|b The University of Chicago Press,
|c 1966.
|
| 300 |
|
|
|a xi, 161 σ. :
|b εικ. ;
|c 24 εκ.
|
| 504 |
|
|
|a Περιλαμβάνει βιβλιογραφικές παραπομπές και ευρετήριο.
|
| 650 |
|
4 |
|a Κλιματολογία
|9 2073
|
| 650 |
|
4 |
|a Μετεωρολογία
|x Ραντάρ
|9 150141
|
| 650 |
|
4 |
|a Πρόγνωση καιρού
|9 4500
|
| 852 |
|
|
|a GR-PaULI
|b ΠΑΤΡΑ
|b ΦΥΣΙΚΟ
|k ΑΕΧ-1
|h 551.6353 BAT
|m 03054
|p 025000022464
|t 1
|
| 942 |
|
|
|2 ddc
|c BK15
|